Estatísticas para Que Logos São Essas? #2

Clique aqui para jogar o quiz

Estatísticas Gerais

  • Esse quiz foi jogado 895 vezes
  • A pontuação média é 20 de 24

Estatísticas das Respostas

Resposta% Correto
LG
99%
Instagram
98%
Netflix
98%
Twitter
98%
Spotify
97%
Red Bull
96%
Amazon
95%
M&M
93%
MasterCard
92%
PlayStation
87%
Xbox
87%
NBA
86%
Warner Bros
86%
Volkswagen
84%
Shell (Pixelizado)
83%
Gucci
82%
KFC
80%
Discord
78%
Kellogg's
73%
Louis Vuitton
64%
Xiaomi
64%
JetPunk
50%
NBC
40%
The Sims
40%

Distribuição das Pontuações

Percentil de Números Respondidos

Porcentagem de Pessoas com Cada Pontuação

Sua Pontuação Histórica

Você não jogou esse quiz